Relationship science : integrating evolutionary, neuroscience, and sociocultural approaches /

"This book has grown out of our own experience creating an interdisciplinary community of relationship researchers: the Close Relationships Interest Group at the University of Kansas. Since we formed the group in 2007, it has grown to include 10 to 20 active members who meet at least once a mon...

Full description

Bibliographic Details
Other Authors: Gillath, Omri, Adams, Glenn, Kunkel, Adrianne D.
Format: eBook
Language:English
Published: Washington, D.C. : American Psychological Association, 2012.
Series:Decade of behavior.
Subjects:
Online Access:Connect to the full text of this electronic book

MARC

Tag First Indicator Second Indicator Subfields
LEADER 00000cam a2200000Ia 4500
001 in00003520213
005 20190407115914.0
006 m o d
007 cr cn|||||||||
008 120228s2012 dcu o 001 0 eng d
020 |a 9781433811234 (print ed.) 
020 |a 1433811235 (print ed.) 
035 |a (OCoLC)ocn778563173 
035 |a (OCoLC)778563173 
040 |a DcWaAPA  |c UTBLW  |d VLB  |d OCLCQ  |d CHVBK  |d OCLCF  |d OCLCO  |d NLGGC  |d UtOrBLW 
049 |a TXAM 
050 0 0 |a HM1106  |b .R453 2012 
082 0 4 |a 158.2  |2 23 
245 0 0 |a Relationship science :  |b integrating evolutionary, neuroscience, and sociocultural approaches /  |c edited by Omri Gillath, Glenn Adams, and Adrianne D. Kunkel. 
264 1 |a Washington, D.C. :  |b American Psychological Association,  |c 2012. 
300 |a 1 online resource (xvi, 254 pages) 
336 |a text  |b txt  |2 rdacontent 
337 |a computer  |b c  |2 rdamedia 
338 |a online resource  |b cr  |2 rdacarrier 
490 1 |a Decade of behavior 2000-2010 
500 |a Includes index. 
505 0 |a Preface / by Omri Gillath, Glenn Adams, and Adrianne D. Kunkel -- Introduction : theoretical integration in relationship science: making interdisciplinarity work / by Omri Gillath, Glenn Adams, and Adrianne D. Kunkel -- Guiding theoretical approaches -- Relationship neuroscience : where we are and where we might be going / by Jennifer M. Tomlinson and Arthur Aron -- Evolutionary perspectives on caring and prosocial behavior in relationships / by Lane Beckes and Jeffry A. Simpson -- A cultural psychology of relationship : decolonizing science and practice / by Glenn Adams, Tugçe Kurtis, Phia S. Salter, and Stephanie L. Anderson -- Caring -- Culture and genes : moderators of the use and effect of social support / by Heejung S. Kim, Taraneh Mojaverian, and David K. Sherman -- New directions in the neurobiology and physiology of paternal care / by Karen L. Bales, Nicole Maninger, and Katie Hinde -- Social-interactional perspectives on child maltreatment : how can they contribute to relationship science? / by Steven R. Wilson -- Attraction and relationship initiation -- Relational mobility : a socio-ecological approach to personal relationships / by Masaki Yuki and Joanna Schug -- Adaptive relationship cognition : the sights and smells of sexual attraction / by Jon K. Maner, Saul L. Miller, and Jennifer Leo -- How to relate to people : the extra-terrestrial's guide to homo sapiens / by Alan Page Fiske and Lisa Schubert -- Attachment and loss -- Relationship after loss: communication in the new grief paradigm / by Michael Robert Dennis and Adrianne D. Kunkel -- What is attachment? : a multi-level multi-method interdisciplinary approach to the understanding of attachment / by Omri Gillath, Melanie Canterberry, and Tara J. Collins. 
520 |a "This book has grown out of our own experience creating an interdisciplinary community of relationship researchers: the Close Relationships Interest Group at the University of Kansas. Since we formed the group in 2007, it has grown to include 10 to 20 active members who meet at least once a month. Each of us comes to the topic of relationship research with very different interests (e.g., communication, personality processes, sociocultural processes), intellectual bases (e.g., African studies, gender and sexuality studies, neuroscience), disciplinary backgrounds (e.g., communication, economics, gender and sexuality studies, health science, psychology, sociology), and domains of practical experience (e.g., army officer, domestic violence shelter volunteer, Peace Corps volunteer). Despite these differences, we are committed to the idea that a comprehensive relationship science must accommodate this diversity, and we believe that each of us has much to learn from the others. The monthly meetings provide members with opportunities to learn new research methods, get exposure to new theoretical models, and get feedback about their work. Students get a chance to add mentors to their committees or join classes they did not know existed before, and faculty get a chance to mentor and collaborate with new students. In short, we have benefited professionally and personally from this interdisciplinary approach to scholarship, and we recommend it to all researchers who wish to broaden their understanding of their subject. The greatest outcome so far of the Close Relationships Interest Group at the University of Kansas was our ability to organize a conference on new interdisciplinary directions for relationship science. This conference was held at the University of Kansas in November 2009 and under the umbrella of the International Association for Relationship Research (IARR). It focused on neuroscience, sociocultural, and evolutionary approaches to relationship science. This book represents a culmination of that conference"--Preface. (PsycINFO Database Record (c) 2012 APA, all rights reserved). 
588 |a Description based on print version record. 
500 |a Electronic resource. 
650 0 |a Interpersonal relations. 
650 7 |a Beziehung.  |2 gnd 
650 7 |a Familie.  |2 gnd 
650 7 |a Attraktion.  |2 gnd 
650 7 |a Verlust.  |2 gnd 
650 7 |a Evolutionspsychologie.  |2 gnd 
650 7 |a Neuropsychologie.  |2 gnd 
650 7 |a Interpersonal relations.  |2 fast  |0 (OCoLC)fst00977397 
650 2 |a Interpersonal Relations. 
655 7 |a Electronic books.  |2 local 
700 1 |a Gillath, Omri. 
700 1 |a Adams, Glenn. 
700 1 |a Kunkel, Adrianne D. 
730 0 |a PsycBOOKs. 
776 1 8 |i Print version:  |t Relationship science.  |d Washington, D.C. : American Psychological Association, c2012  |z 9781433811234  |w (DLC) 2011049258  |w (OCoLC)760978577 
830 0 |a Decade of behavior. 
856 4 0 |u http://proxy.library.tamu.edu/login?url=http://search.ebscohost.com/direct.asp?db=pzh&jid=201121701&scope=site  |z Connect to the full text of this electronic book  |t 0 
994 |a 92  |b TXA 
999 |a MARS 
999 f f |s 98c0b8cc-7244-30a0-9f51-3c5371b922bf  |i 427f248c-3cde-39dd-a2f4-2fe0e40a5d9a  |t 0 
952 f f |a Texas A&M University  |b College Station  |c Electronic Resources  |d Available Online  |t 0  |e HM1106 .R453 2012  |h Library of Congress classification 
998 f f |a HM1106 .R453 2012  |t 0  |l Available Online